000 00801nam a22002417a 4500
003 OSt
005 20251105021224.0
008 251105b |||||||| |||| 00| 0 eng d
020 _a 978-0-375-76542-1
040 _aDWCL-Admin lib
_cOC
082 _aCirc. 610.73076 M613c 2007
100 _aMeyer, Jennifer A.
245 _aCracking the NCLEX-RN /
_cJennifer A. Meyer
260 _aN.Y. :
_bRandom House, Inc.,
_cc 2007
300 _a 633 p. : ill. ;
_c28 cm
504 _aIncudes index.
650 _a1. Nursing outlines.
650 _a2. Nursing schools- Entrance examinations-study guides.
650 _a3. Nursing- Examination questions.
650 _a4. Nursing- Examinations, questions, etc.
650 _a5. Nursing-Examinations-study guides.
942 _2ddc
_cBK-CIRC
_e 8th
_kCirc.
_n0
999 _c5463
_d5463